000
00275nam a2200109Ia 4500
008
190216s9999||||xx |||||||||||||| ||und||
100
_a
Bala Sundara Rao
245
0
_a
Malayalam-Vittaminugal
260
_b
Kerala Books&Publications Society
650
_a
Malayalam
942
_c
BK
999
_c
24276
_d
24276